|
|
|
|
| LEADER |
00000nas a22000001a 4500 |
| 001 |
vtls010298176 |
| 003 |
SK-MaSNL |
| 005 |
20260228162521.0 |
| 008 |
110809d19291931xo qr p r 0 b0slo |
| 015 |
|
|
|a SNBDS17XX9999
|
| 015 |
|
|
|a 0268
|2 Kipsová 1919-38
|
| 038 |
|
|
|a SNKBUDS
|
| 040 |
|
|
|a SNK
|b slo
|c SNK
|e AACR2
|
| 041 |
0 |
|
|a slo
|
| 044 |
|
|
|a xo
|c SK
|
| 245 |
0 |
0 |
|a Literárny oznamovateľ firmy Urbánek a spol. v Trnave
|
| 260 |
|
|
|a Trnava
|b Kníhtlač. a nakl. Urbánek a spol.
|c sept. 1929-febr. 1931
|
| 300 |
|
|
|a 3 roč.
|c 24 x 16 cm
|
| 310 |
|
|
|a 4x ročne
|
| 362 |
0 |
|
|a Roč. I, č. 1 (sept. 1929)-roč. III, č. 2 (febr. 1931)
|
| 500 |
|
|
|a Vych. v Trnave 4-krát ročne
|
| 500 |
|
|
|a Zodp. red. Rudolf Jirman
|
| 500 |
|
|
|a Vyd. Kníhtlač. a nakl. Urbánek a spol.
|
| 500 |
|
|
|a Tlač. Kníhtlač. Urbánek a spol.
|
| 500 |
|
|
|a Časopis vychádzal od septembra 1929 do februára 1931
|
| 505 |
8 |
0 |
|g Roč. I. 1929 1 čís. po 16 s.
|
| 505 |
8 |
0 |
|g Roč. II. 1930 2 čís. [2-3] po 16 s.
|
| 505 |
8 |
0 |
|g Roč. III. 1931 2 čís. po 8 s.
|
| 520 |
|
|
|a Propagačný časopis firmy Urbánek a spol. v Trnave
|
| 655 |
|
7 |
|a propagačné časopisy
|2 SNKBUDS
|9 271085
|
| 655 |
|
7 |
|a odborné časopisy
|2 SNKBUDS
|9 70505
|
| 700 |
1 |
|
|a Jirman, Rudolf
|4 pbd
|9 271178
|
| 710 |
2 |
|
|a Kníhtlač Fr. Urbánek a spol. (Trnava, Slovensko)
|4 pbl
|9 269468
|
| 710 |
2 |
|
|a Fr. Urbánek a spol. (nakladateľstvo : Trnava, Slovensko)
|4 pbl
|9 271179
|
| 852 |
|
|
|a SNK
|b 10000
|h ČSC 1801
|
| 852 |
|
|
|a UKB
|b 300000
|h SC 577
|
| 999 |
|
|
|c 7994
|d 9924
|